| 000 | 00618nam a2200205Ia 4500 | ||
|---|---|---|---|
| 005 | 20250508161703.0 | ||
| 008 | 008 250505s9999 xx 000 0 eng d | ||
| 020 | _a0-87021-094-7 | ||
| 037 | _aTextual | ||
| 040 |
_aFEDL _beng _cFEDL |
||
| 041 |
_aeng _2eng |
||
| 084 |
_a623.89, COH _qFEDL |
||
| 100 |
_aCohen Philip M _9771336 |
||
| 245 | 0 | _aBathymetric navigation and charting | |
| 260 |
_aAnnapolis _bUnited States Naval Institute _c1970 |
||
| 300 | _axiii,138p | ||
| 490 | _aUnited States naval institute series in oceanography | ||
| 942 |
_cTEXL _h623.89, COH |
||
| 999 |
_c1371551 _d1371551 |
||